| 000 | 00455nam a22001697a 4500 | ||
|---|---|---|---|
| 003 | CEME | ||
| 005 | 20210628205506.0 | ||
| 008 | 210305b xxu||||| |||| 00| 0 eng d | ||
| 020 | _a87762-373-2 | ||
| 040 | _c. | ||
| 082 | _a660.044 ADV'B | ||
| 100 |
_aBoeing, Herman V _975779 |
||
| 245 | _aAdvances in low-temperature plasma chemistry technology applications | ||
| 260 |
_aCALFORNIA _bTECHNOMIC PUBLISHER _c1984 |
||
| 300 | _a377P | ||
| 942 |
_cBK _2ddc |
||
| 999 |
_c581179 _d581179 |
||